|
|
|
|
| LEADER |
00868nam a2200241 a 4500 |
| 001 |
GR-MES2966 |
| 008 |
991111s1996 enk 000 b eng d |
| 020 |
|
|
|a 0803979096
|
| 040 |
|
|
|a GrPaTEI
|b gre
|c GR-PaULI
|
| 245 |
0 |
0 |
|a Organizational behavior and change in Europe :
|b case studies.
|
| 260 |
|
|
|a London :
|b Sage,
|c 1996
|
| 300 |
|
|
|a ix,258σ. :
|b διαγρ.
|
| 650 |
|
4 |
|a Ευρώπη
|
| 650 |
|
4 |
|a ΜΕΤΑΦΟΡΕΣ
|
| 650 |
|
4 |
|a ΟΡΓΑΝΩΤΙΚΗ ΣΥΜΠΕΡΙΦΟΡΑ
|
| 650 |
|
4 |
|a Τράπεζες
|
| 700 |
1 |
|
|a Chevalier, Francoise
|
| 700 |
1 |
|
|a Segalla, M.
|
| 710 |
0 |
|
|a Sage
|
| 942 |
|
|
|2 ddc
|
| 952 |
|
|
|0 0
|1 0
|2 ddc
|4 0
|6 302_350000000000000_CHE
|7 0
|9 267466
|a MSLG
|b MSLG
|c BSC
|d 2021-01-17
|e 24
|f 0
|g 0.00
|l 0
|o 302.35 CHE
|p 2420000013143
|r 2021-01-17 00:00:00
|t 1
|w 2021-01-17
|y BK15
|x 19991111 0 1
|x GrPaTEI
|
| 971 |
|
|
|a .b25740118
|b 15-04-20
|c 13-09-16
|
| 999 |
|
|
|c 153984
|d 153984
|